| 000 | 01644nam a2200421 i 4500 | ||
|---|---|---|---|
| 001 | 44316 | ||
| 003 | ES-MaCES | ||
| 005 | 20150705153226.0 | ||
| 008 | 120905s2013 sp bd t o000 | spa d | ||
| 020 | _a9788495308047 (v. I) | ||
| 020 | _a9788495308054 (v. II) | ||
| 020 | _a9788495308030 (o.c.) | ||
| 040 |
_aES-MaCES _bspa _cES-MaCES |
||
| 245 | 0 | 0 |
_aSituación económica y social de Castilla y León en 2012 _cConsejo Económico y Social, Comunidad de Castilla y León |
| 260 |
_aValladolid _bCES _c[2013] |
||
| 300 |
_a1024 ; 436 p. _bgráf., mapas, col. _c24 cm _e1 CD-ROM |
||
| 500 | _aPub. simultáneamente en CD-ROM | ||
| 500 | _aÍndices | ||
| 505 | 0 | _at. I: Economía, mercado laboral, calidad de vida y protección social -- t. II: Conclusiones y recomendaciones | |
| 541 | _cGratuito | ||
| 650 | 4 |
_acondiciones económicas _927081 |
|
| 650 | 4 |
_acondiciones sociales _930469 |
|
| 650 | 4 |
_amercado de trabajo _928292 |
|
| 650 | 4 |
_acalidad de la vida _929237 |
|
| 650 | 4 |
_aprotección social _929076 |
|
| 650 | 4 |
_arepertorio de recomendaciones prácticas _929261 |
|
| 650 | 4 |
_aCastilla y León _930782 |
|
| 650 | 4 |
_a2012 _931808 |
|
| 650 | 4 |
_ainforme _928986 |
|
| 650 | 4 |
_aCD ROM _930331 |
|
| 653 | 1 | 0 | _aCondiciones económicas |
| 710 | 2 |
_aConsejo Económico y Social (Castilla y León) _92405 |
|
| 740 | 0 | 2 | _aEconomía, mercado laboral, calidad de vida y protección social (disponible en ed. electrónica en internet) |
| 740 | 0 | 2 | _aConclusiones y recomendaciones |
| 787 | 0 |
_tSituación económica y social de Castilla y León en 2011 _w(ES-MaCES)24650 |
|
| 902 | _aLIB Libro | ||
| 942 |
_2CES _cBK _h0.0. |
||
| 999 |
_c44316 _d44316 |
||